| 000 | 00631nam a22001937a 4500 | ||
|---|---|---|---|
| 999 |
_c179909 _d179909 |
||
| 005 | 20210715172010.0 | ||
| 010 | _aENG-129566 | ||
| 020 |
_a978-93-5316-802-5 _c750.00 |
||
| 035 | _aEN-113095 | ||
| 037 | _bDBAD/PUB | ||
| 082 | _a004.21 | ||
| 100 | _aRaj Kamal | ||
| 245 |
_aEmbedded systems Soc, IoT, AI and real- time systems/ _cby Raj kamal |
||
| 250 | _a4th | ||
| 260 |
_aAlapakkam _bMc Graw Hill _c2020 |
||
| 270 |
_a444/1,Sri Ekambara Naicker Industrial Estate,Alapakkam,Porur _bChennai _e600116 _minfo.india@mheducation.com _k18001035875 |
||
| 300 |
_a568p _c24cm(PB) |
||
| 942 |
_2ddc _cEN _h004.21 _mKAM |
||